Las mutaciones de la teoría crítica: un mapa del pensamiento radical hoy /

Збережено в:
Бібліографічні деталі
Автор: Keucheyan, Razmig
Формат: Книга
Мова:Spanish
Теги: Додати тег
Немає тегів, Будьте першим, хто поставить тег для цього запису!

MARC

LEADER 00000nam a22000007a 4500
003 cru CIDCACS/IIS
005 20170714152544.0
007 ta
008 170713s2016 ag ||||| |||| 00| 0 spa d
999 |c 19440  |d 19440 
040 |c cru CIDCACS/IIS 
100 1 |9 4981  |a Keucheyan, Razmig 
245 1 4 |a Las mutaciones de la teoría crítica:  |b un mapa del pensamiento radical hoy /  |c Razmig Keucheyan 
300 |a páginas 36-53 
773 0 |0 19022  |9 1032  |a Fundación Friedrich Ebert  |d Fundación Friedrich Ebert; Nueva Sociedad  |o 17841  |t Nueva Sociedad / 
942 |2 ddc  |c PP